00806nam a2200205 a 450000100100000000500170001000800410002704000250006808200160009310000290010924501160013826000590025430000200031349000150033350000640034859000270041283000240043995201200046399900170058300002422020200930022823.0110120s1975 ag r 000 0 spa d aDO-SdBNPbspacBNPHU annnnbC215a1 aCanclini, Arnoldo92373210aAfligidos para consolar :buna conversación con los compañeros de ministerio cristiano /cArnoldo Canclini. aBuenos Aires :bCasa Bautista de Publicaciones,c1975. a65 p. ;c18 cm.1 aCBPv42050 aIncluye datos biográficos del autor en la contracubierta. aInventariado, 2019 /LP 0aCBP ;v42050945223 001052708MOaGRbGRcHDd2011-01-20iLF1l0onnnn C215ap24220-10r2020-06-25w2020-06-25y2ZPréstamo interno c23714d23714